Partial differential equations in physics / (Record no. 12324)

MARC details
000 -LEADER
fixed length control field 01305cam a22003371i 4500
001 - CONTROL NUMBER
control field 10230617
003 - CONTROL NUMBER IDENTIFIER
control field EG-ScBUE
005 - DATE AND TIME OF LATEST TRANSACTION
control field 20250218103157.0
008 - FIXED-LENGTH DATA ELEMENTS--GENERAL INFORMATION
fixed length control field 720623s1949 nyud f 001 0 eng d
035 ## - SYSTEM CONTROL NUMBER
System control number (OCoLC)339897
040 ## - CATALOGING SOURCE
Original cataloging agency EG-ScBUE
Language of cataloging eng
Description conventions rda
Transcribing agency EG-ScBUE
Modifying agency EG-ScBUE
041 1# - LANGUAGE CODE
Language code of text/sound track or separate title eng
Language code of original and/or intermediate translations of text ger
082 04 - DEWEY DECIMAL CLASSIFICATION NUMBER
Classification number 515.353
Item number SOM
Edition number 22
100 1# - MAIN ENTRY--PERSONAL NAME
Personal name Sommerfeld, Arnold,
Dates associated with a name 1868-1951,
Relator term author.
9 (RLIN) 7955
240 10 - UNIFORM TITLE
Uniform title <a href="Partielle Differentialgleichungen der Physik.">Partielle Differentialgleichungen der Physik.</a>
Language of a work English.
245 10 - TITLE STATEMENT
Title Partial differential equations in physics /
Statement of responsibility, etc by Arnold Sommerfeld, University of Munich, Germany ; translated by Ernst G. Straus, The Institute for Advanced Study, Princton, N.J.
264 #1 - PUBLICATION, DISTRIBUTION, ETC. (IMPRINT)
Place of publication, distribution, etc New York, N.Y. :
Name of publisher, distributor, etc Academic Press INC.,
Date of publication, distribution, etc 1949.
300 ## - PHYSICAL DESCRIPTION
Extent xi, 335 pages :
Other physical details diagrams ;
Dimensions 24 cm.
336 ## - CONTENT TYPE
Source rdacontent
Content type term text
Content type code txt
337 ## - MEDIA TYPE
Media type term unmediated
Source rdamedia
Media type code n
338 ## - CARRIER TYPE
Carrier type term volume
Carrier type code nc
Source rdacarrier
490 0# - SERIES STATEMENT
Series statement Pure and applied mathematics ;
Volume number/sequential designation volume 1
500 ## - GENERAL NOTE
General note Includes index.<br/>
500 ## - GENERAL NOTE
General note Includes appendix.<br/>
546 ## - LANGUAGE NOTE
Language note Text in English ; translated from the original German language.<br/>
650 #7 - SUBJECT ADDED ENTRY--TOPICAL TERM
Topical term or geographic name as entry element Differential equations, Partia.
9 (RLIN) 7957
Source of heading or term BUEsh
650 #7 - SUBJECT ADDED ENTRY--TOPICAL TERM
Topical term or geographic name as entry element Mathematical physics.
9 (RLIN) 7958
Source of heading or term BUEsh
655 ## - INDEX TERM--GENRE/FORM
Form subdivision Reading book
700 1# - ADDED ENTRY--PERSONAL NAME
Personal name Straus, Ernst G.,
Relator term translator.
942 ## - ADDED ENTRY ELEMENTS (KOHA)
Source of classification or shelving scheme Dewey Decimal Classification
Koha item type Book - Borrowing
Holdings
Withdrawn status Lost status Source of classification or shelving scheme Damaged status Not for loan Collection code Home library Current library Shelving location Date acquired Source of acquisition Cost, normal purchase price Total Checkouts Full call number Barcode Date last seen Date checked out Price effective from Koha item type
    Dewey Decimal Classification     Alef-Baa Central Library Central Library First floor 12/07/2009 Purchase 150.00 1 515.353 SOM 000017413 15/07/2025 25/03/2024 12/07/2009 Book - Borrowing